Superior mathematical puzzles, with detailed solutions / (Record no. 8208)
[ view plain ]
| 000 -LEADER | |
|---|---|
| fixed length control field | 00646nam a22002412a 4500 |
| 001 - CONTROL NUMBER | |
| JCCL Control Number | 8208 |
| 003 - CONTROL NUMBER IDENTIFIER | |
| JCCL marc code | UkOxU |
| 005 - DATE AND TIME OF LATEST TRANSACTION | |
| control field | 20180224130835.0 |
| 008 - FIXED-LENGTH DATA ELEMENTS--GENERAL INFORMATION | |
| fixed length control field | 500101s1968 enka 000 0 eng d |
| 020 ## - INTERNATIONAL STANDARD BOOK NUMBER | |
| International Standard Book Number | 004793011X |
| 035 ## - SYSTEM CONTROL NUMBER | |
| system control number | (BD-JhCC)8208 |
| 040 ## - CATALOGING SOURCE | |
| Original cataloging agency | EUT |
| Transcribing agency | EUT |
| Modifying agency | UKM |
| -- | EQO |
| 041 ## - LANGUAGE CODE | |
| Language code of Book | eng |
| 082 ## - DEWEY DECIMAL CLASSIFICATION NUMBER | |
| Classification number | 793.74 |
| Author mark and Year | DIN 1968 |
| 100 1# - MAIN ENTRY--PERSONAL NAME | |
| Personal name | Dinesman, Howard P. |
| 245 10 - TITLE STATEMENT | |
| Title | Superior mathematical puzzles, with detailed solutions / |
| Statement of responsibility, etc | by Howard P. Dinesman |
| 260 ## - PUBLICATION, DISTRIBUTION, ETC. (IMPRINT) | |
| Place of publication, distribution, etc | London : |
| Name of publisher, distributor, etc | Allen and Unwin, |
| Date of publication, distribution, etc | 1968 |
| 300 ## - PHYSICAL DESCRIPTION | |
| Pagination | 122 p. |
| Other physical details | illus. |
| Dimensions | 23 cm |
| 650 #0 - SUBJECT ADDED ENTRY--TOPICAL TERM | |
| Topical term or geographic name as entry element | Puzzles |
| 650 #0 - SUBJECT ADDED ENTRY--TOPICAL TERM | |
| Topical term or geographic name as entry element | Mathematical recreations |
| 942 ## - ADDED ENTRY ELEMENTS (KOHA) | |
| Source of classification or shelving scheme | Dewey Decimal Classification |
| Koha item type | Books |
| Source of classification or shelving scheme | Damaged status | Not for loan | Home library | Current library | Shelving location | Date of accession | Total Checkouts | Full call number | Barcode | Date last seen | Copy number | Koha item type |
|---|---|---|---|---|---|---|---|---|---|---|---|---|
| Dewey Decimal Classification | JCC Rouf Library | JCC Rouf Library | General Stacks | 02/24/2018 | 793.74 DIN 1968 | 9692 | 02/19/2018 | C - 1 | Books |